Visualizzazione normale
Vista MARC
- Vataro
di Personal Name
Records bibliografici associati: 1
001 - CONTROL NUMBER
- control field: 6633
003 - CONTROL NUMBER IDENTIFIER
- control field: IT-RoPau
005 - DATE AND TIME OF LATEST TRANSACTION
- control field: 20131222160030.0
008 - FIXED-LENGTH DATA ELEMENTS
- fixed length control field: 131222|| aca||aabn | a|a d
040 ## - CATALOGING SOURCE
- Original cataloging agency: IT-RoPau
- Transcribing agency: IT-RoPau
100 ## - HEADING--PERSONAL NAME
- Personal name: Vataro
- Dates associated with a name: Codice interprete SPICS: 13924
- Relator term: Interprete
670 ## - SOURCE DATA FOUND
- Source citation: Work cat.: (IT-RoPau)102607: AA.VV. 794, Balliamo e cantiamo con Valtaro (Lp 22005)